000 00618nam a2200253 a 4500
001 nice12345678
003 IN_TiNIC
005 20260116012324.0
008 050524s1972 haga grp 000 0 eng
020 _a9024732
_c100
082 0 0 _a211.092
_bPAX
100 _aPax, Clyde
245 _aExistential Approach to God
_b Study of Gabriel Marcel
260 _aHague
_bMartinus Nijhoff
_c1972
300 _a118p
500 _aincludes index and biblioraphy
505 2 _aIndex
650 _aTheology-God
650 _aGod
700 1 _aPax, Clyde
902 _bSRS
942 _cBK
999 _c6550
_d6550